000 00371nam a22001697a 4500
003 OSt
005 20220114095011.0
008 220114b |||||||| |||| 00| 0 eng d
020 _a007004273X
040 _cHU
082 _a531
100 _aBeer P. Ferdinand
_927942
245 _aMechanics For Engineers
250 _a3ed
300 _f409
942 _2ddc
_cBOOKS
_n0
999 _c26969
_d26969